000 00538cam a22001457a 4500
008 180718b1886 xxu||||| |||| 00| 0 eng d
082 _aA38 Sh15 Sch52/2
100 _aSchmidt, Alexander
245 _aShakespeare-lexicon. A complete dictionary of all the English words, phrases and constructions in the works of the poet
_cby Alexander Schmidt
250 _a2nd ed.
260 _aBerlin
_bG. Reimer
_c1886
300 _av
500 _aContents; v.2. M-Z, 1450p;
650 _aShakespeare, William, 1564-1616 --Language --Glossaries, etc.
999 _c431285
_d431285